Si Langam at si Tipaklong / (Record no. 105250)
[ view plain ]
| 000 -LEADER | |
|---|---|
| fixed length control field | 00403nam a2200145 a 4500 |
| 005 - DATE AND TIME OF LATEST TRANSACTION | |
| control field | 20140412111348.0 |
| 008 - FIXED-LENGTH DATA ELEMENTS--GENERAL INFORMATION | |
| fixed length control field | 060117s19uu xx 00 eng d |
| 020 ## - INTERNATIONAL STANDARD BOOK NUMBER | |
| International Standard Book Number | 971-121-065-7 |
| 050 ## - LIBRARY OF CONGRESS CALL NUMBER | |
| Classification number | Fil |
| Item number | 398.2 1981 |
| 100 ## - MAIN ENTRY--PERSONAL NAME | |
| Personal name | Angeles, Alberta |
| 245 ## - TITLE STATEMENT | |
| Title | Si Langam at si Tipaklong / |
| Statement of responsibility, etc | Alberta Angeles. |
| 260 ## - PUBLICATION, DISTRIBUTION, ETC. (IMPRINT) | |
| Place of publication, distribution, etc | Quezon City : |
| Name of publisher, distributor, etc | Adarna House, |
| Date of publication, distribution, etc | 1981. |
| 650 ## - SUBJECT ADDED ENTRY--TOPICAL TERM | |
| Topical term or geographic name as entry element | Insects |
| General subdivision | Fiction |
| Withdrawn status | Lost status | Damaged status | Home library | Current library | Shelving location | Date acquired | Source of acquisition | Total Checkouts | Full call number | Barcode | Date last seen | Price effective from | Koha item type |
|---|---|---|---|---|---|---|---|---|---|---|---|---|---|
| Elizalde Library | Elizalde Library | Filipiniana Section | 01/17/2006 | Fil 398.2 1981 | E9745 | 04/12/2014 | 04/12/2014 | Books |